000 00302nam a22001337a 4500
008 170720b xxu||||| |||| 00| 0 eng d
020 _a9780060598976
041 _aeng
080 _a2
100 _a24
101 _aTEO
245 _aMUHAMMAD/ A PROPHET FOR OUR TIME
_cARMSTRONG, K
942 _2udc
_cBK
999 _c21645
_d21645